Succession and generational change in family businesses

Na minha lista:
Detalhes bibliográficos
Autor principal: Srovnalíková, Paulína
Outros Autores: Šúbertová, Elena
Formato: Capítulo de Livro
Idioma:inglês
Assuntos:
Tags: Adicionar Tag
Sem tags, seja o primeiro a adicionar uma tag!

MARC

LEADER 00000naa$a2200000$$$4500
001 0231217
005 20240527074400.3
041 0 |a eng 
044 |a SK 
245 1 0 |a Succession and generational change in family businesses  |c Paulína Srovnalíková, Elena Šúbertová 
500 |a Abstrakt 
610 2 0 |a podnikanie rodinné 
610 2 0 |a generácie 
610 2 0 |a vzdelávanie 
610 2 0 |a rozvoj podniku 
610 2 0 |a nástupníctvo podnikové 
100 1 |a Srovnalíková, Paulína 
700 1 |a Šúbertová, Elena